banner-ar

مبادئ التخطيط والتنظيم فى الادارة والمكتبات / (Record no. 62275)

MARC details
000 -الفاتح
حقل البيانات ثابتة الطول 01033nam a22002537a 4500
005 - وقت وتاريخ اخر تعامل مع التسجيلة
رقم الضبط 20240530110542.0
008 - عناصر البيانات ثابتة الطول - معلومات عامة
حقل البيانات ثابتة الطول 140617s2013 jo gr 000 0 ara d
017 ## - رقم الايداع القانونى
رقم الايداع القانونى 20122761
المصدر ( الهيئة المختصة) الاردن . دائرة المكتبة الوطنية
020 ## - الرقم الدولى المعيارى للكتب
الرقم الدولى المعيارى للكتاب 9789957248123
040 ## - مصدر الفهرسة
وكالة الفهرسة الأصلية EG-CAGPL
وكالة النسخ EG-CAGPL
082 04 - رقم تصنيف ديوى العشرى
رقم الطبعة 21
رقم التصنيف 023\
رقم المادة أ م
100 0# - المدخل الرئيسى - إسم شخصى
الإسم الشخصى احمد نافع المدادحة
245 10 - بيان العنوان
العنوان مبادئ التخطيط والتنظيم فى الادارة والمكتبات /
بيان المسئوليه,etc احمد نافع المدادحة ، سلامة سويلم النوافعة
250 ## - بيان الطبعة
بيان الطبعة ط1
260 ## - PUBLICATION, DISTRIBUTION, ETC. (IMPRINT)
تاريخ النشر أو التوزيع 2013
300 ## - الوصف المادى
التعداد 319 ص ؛
أبعاد الوعاء 24 سم
650 04 - المدخل الاضافى بالموضوع-مصطلح موضوعى
مصدر الرأس أو المصطلح qrmak
مصطلح موضوعي المكتبات
التقسيم الفرعي العام تخطيط
650 04 - المدخل الاضافى بالموضوع-مصطلح موضوعى
مصدر الرأس أو المصطلح qrmak
مصطلح موضوعي المكتبات
التقسيم الفرعي العام تنظيم وادارة
650 04 - المدخل الاضافى بالموضوع-مصطلح موضوعى
مصدر الرأس أو المصطلح qrmak
مصطلح موضوعي المكتبات المدرسية
التقسيم الفرعي الجغرافي الاردن
700 0# - المدخل الاضافى - اسم شخصى
الإسم الشخصى سلامة سويلم النوافعة
الدور مؤلف مشارك
942 ## - عناصر المدخل الإضافي( كوها)
مصدر التصنيف او مخطط الترفيف Dewey Decimal Classification
Koha [default] item type كتاب
260 ## - PUBLICATION, DISTRIBUTION, ETC. (IMPRINT)
-- عمان :
-- دار صفاء للنشر والتوزيع ،
Holdings
حالة التراجع حالة الفقد مصدر التصنيف او خطة الترفيف حالة تلف ليس للاعارة المكان المؤقت الموقع الحالى تاريخ الاكتساب اجمالي اﻻعارات رقم الطلب الباركود تاريخ اخر مشاهدة تاريخ تفعيل السعر نوع وعاء كوها
    ddc     مكتبة القاهرة الكبرى مكتبة القاهرة الكبرى 05/14/2016   023\ أ م 161949 05/14/2016 05/14/2016 كتاب

Powered By

EGPV